| 000 | 00816nam a2200241 i 4500 | ||
|---|---|---|---|
| 001 | 188081 | ||
| 003 | SpMaBN | ||
| 005 | 20230906223116.0 | ||
| 008 | 180426s1988 sp |||| |bspa d | ||
| 020 | _a84-293-0781-8 | ||
| 080 | _a929 De Mello, Anthony | ||
| 100 | 1 |
_aVallés, Carlos G. ( _d1925-) _9164690 |
|
| 245 | 1 | 0 |
_aLigero de equipaje _b: Tony de Mello, un profeta para nuestro tiempo / _cCarlos G. Vallés. |
| 260 |
_aSantander : _bSal Terrae, _c[1988] |
||
| 300 |
_a226 p. ; _c21 cm. |
||
| 490 | 1 |
_aServidores y testigos ; _v33 |
|
| 596 | _aFecha de publ. e ISBN tomados del Catálogo de BNE. | ||
| 597 | _aEjemp. carente de port. | ||
| 600 | 1 | 7 |
_aDe Mello, Anthony ( _d1931-1987) _9164693 |
| 830 | 0 |
_aServidores y testigos ; _v33 _9225638 |
|
| 852 |
_aES-MaACL _jL-31972 |
||
| 999 |
_c188081 _d188081 |
||